Centres d'acolliment i residencials per a infants / Toni Lloret i Grau, Albert Montejano i Freixinet
Descripción Física:
106 p. ; 24 cm
Colección:
Col·lecció serveis socials ; 10
Otros Autores:
Montejano i Freixinet, Albert
Materias:
Centres d'acolliment
MARC
| LEADER | 00000nam a2200000Ia 4500 | ||
|---|---|---|---|
| 001 | 11670 | ||
| 008 | 160829s1996 xx 000 0 cat d | ||
| 080 | |a S-1-45 | ||
| 100 | |a Lloret i Grau, Toni |9 22394 | ||
| 245 | |a Centres d'acolliment i residencials per a infants / Toni Lloret i Grau, Albert Montejano i Freixinet | ||
| 260 | |a Barcelona : |b Diputació de Barcelona, Servei de Serveis Socials, |c 1996 | ||
| 300 | |a 106 p. ; |c 24 cm | ||
| 490 | |a Col·lecció serveis socials ; 10 | ||
| 590 | |a Porta un autògraf de l'autor dedicat al president Royes | ||
| 650 | |a Centres d'acolliment |9 22395 | ||
| 700 | |a Montejano i Freixinet, Albert |9 22396 | ||
| 710 | |a Barcelona (Catalunya : Província). |b Servei de Serveis Socials |9 2896 | ||
| 901 | |a Arxiu | ||
| 942 | |n 1 | ||
| 952 | |0 0 |1 0 |4 0 |6 S145 |7 1 |9 42197 |a Arxiu |b Arxiu |d 2016-12-01 |l 0 |o S-1-45 |p 11670 |r 2016-12-01 00:00:00 |w 2016-12-01 |y ARXIU | ||
| 999 | |c 44644 |d 44644 | ||